000 00319nam a2200145Ia 4500
100 _aBandyopadhyay/S
650 _aMachines
942 _cRB
245 _aMachines and mechanisms
260 _bNarosa Publication House
_c2012
082 _a621.8
_bBAN
300 _a593
546 _aENGLISH
_cInfo.Tech
999 _c19079
_d19079